| 000 | 01051nam0a22002771 4500 | ||
|---|---|---|---|
| 001 | v19\rc\1658439 | ||
| 005 | 20260406082736.0 | ||
| 035 | _a(NLR Aleph) 005241884 | ||
| 090 |
_a5713107 _c5713107 |
||
| 100 | _a20061002d1890 |||y0rusy50 ca | ||
| 101 | 0 | _arus | |
| 102 | _aRU | ||
| 105 | _ay z |||a| | ||
| 200 | 1 |
_aДевичий переполох _eКомедия в 4 д. _eИз времен XVII-го столетия _f[Соч.] Виктора Крылова |
|
| 210 |
_aМосква _cЛит. С.Ф. Рассохина _dценз. 1890 |
||
| 215 |
_a99 с. _d22 |
||
| 309 | _aНаписано от руки. Литогр. | ||
| 700 | 1 |
_8rus _7ca _aКрылов _bВ. А. _cдраматург, переводчик _f1838-1906 _gВиктор Александрович _3RU\NLR\AUTH\7748330 _931265 |
|
| 801 | 2 |
_aRU _bNLR _c20071201 _2rusmarc |
|
| 801 | 0 |
_aRU _bNLR _c20061002 _gpsbo |
|
| 801 | 0 |
_aRU _bRuMoRGB _c20061002 _2psbo |
|
| 801 | 1 |
_aRU _bProSoft-M _c20061002 _2rusmarc |
|
| 852 |
_aNLR _j18.295.1.271 |
||
| 942 | _cBOOK | ||
| 980 | _aNB | ||